<The> New Palgrave <A> Dictionary of Economics
Uložené v:
| Ďalší autori: | , , |
|---|---|
| Médium: | Kniha |
| Jazyk: | English |
| Vydavateľské údaje: |
London
MacMillan Press Limited
1994
|
| Vydanie: | 1. ed. |
| Predmet: | |
| Tagy: |
Žiadne tagy, Buďte prvý, kto otaguje tento záznam!
|
MARC
| LEADER | 00000nam a2200000 4500 | ||
|---|---|---|---|
| 001 | c010376 | ||
| 005 | 20221214074559.2 | ||
| 020 | |a 0-935859-10-1 | ||
| 041 | 0 | |a eng | |
| 044 | |a GB | ||
| 245 | 1 | 0 | |a <The> New Palgrave |b <A> Dictionary of Economics |c Edit. John Eatwell, Murray Milgate, Peter Newman |
| 250 | |a 1. ed. | ||
| 264 | 1 | |a London |b MacMillan Press Limited |c 1994 | |
| 300 | |a 949 s. | ||
| 610 | 2 | 0 | |a ekonómia |
| 610 | 2 | 0 | |a terminológia |
| 700 | 1 | |a Eatwell, John | |
| 700 | 1 | |a Milgate, Murray | |
| 700 | 1 | |a Newman, Peter | |